| Tag |
First Indicator |
Second Indicator |
Subfields |
| LEADER |
00000cam a22000005 4500 |
| 001 |
in00000154739 |
| 005 |
20220103114531.0 |
| 007 |
cr unu a |
| 008 |
800205s1964 txu 00000 eng d |
| 035 |
|
|
|9 AAS1432AM
|
| 035 |
|
|
|a (OCoLC)05952386
|
| 040 |
|
|
|c TXA
|d UtOrBLW
|
| 049 |
|
|
|a TXAZ [Cop.1 in] [Archives]
|c 1 [407123]
|c 2 [407124]
|
| 099 |
|
|
|a 1964
|a Thesis
|a M917
|
| 100 |
1 |
|
|a Motasem, Mohamed M.
|
| 245 |
1 |
2 |
|a A comparison of two techniques for measuring the relative rates of moisture evaporation from limited areas of the skin of Holstein, Jersey and Jersey-Brahman cattle.
|
| 264 |
|
1 |
|a [College Station, Tex.],
|b [publisher not identified] ;
|c 1964.
|
| 300 |
|
|
|a 47 .
|
| 336 |
|
|
|a text
|b txt
|2 rdacontent
|
| 337 |
|
|
|a computer
|b c
|2 rdamedia
|
| 338 |
|
|
|a online resource
|b cr
|2 rdacarrier
|
| 502 |
|
|
|b M.S. in Dairy Science
|c Texas A&M University.
|
| 530 |
|
|
|a Also available online.
|
| 650 |
|
4 |
|a Major dairy science.
|
| 856 |
4 |
1 |
|u https://hdl.handle.net/1969.1/ETD-TAMU-1964-THESIS-M917
|z Link to OAKTrust copy
|t 0
|
| 999 |
|
|
|a MARS
|
| 999 |
f |
f |
|s 829ebe1e-45ab-3ab4-ae3c-44ed334bad21
|i 930dd377-5508-3f7e-a2b1-a14e2af8f897
|t 0
|
| 952 |
f |
f |
|p noncirc
|a Texas A&M University
|b J.J. Pickle Campus
|c High Density Repository
|d Remote Storage
|t 0
|e 1964 Thesis M917
|h Other scheme
|i computer -- online resource
|m A14840898830
|
| 952 |
f |
f |
|a Texas A&M University
|b College Station
|c Electronic Resources
|d Available Online
|t 0
|e 1964 Thesis M917
|h Other scheme
|
| 998 |
f |
f |
|a 1964 Thesis M917
|t 0
|l Available Online
|
| 998 |
f |
f |
|a 1964 Thesis M917
|t 0
|l Remote Storage
|